Países más cercanos a un País Desconocido A-Z #1 - Estadísticas

Estadísticas generales
  • Esta prueba ha sido intentada 396 veces
  • La puntuación promedio es 14 de 24
Estadísticas de respuestas
País % Correcto
O Omán
83%
Z Zimbabue
81%
Y Yibuti
78%
A Angola
74%
K Kenia
72%
U Uganda
71%
S Sudáfrica
69%
T Tanzania
65%
R República Democrática del Congo
64%
M Mozambique
61%
N Namibia
61%
B Botsuana
60%
J Jordania
60%
E Etiopía
57%
Desconocido LESOTO
57%
D Dinamarca
56%
G Gabón
56%
C Comoras
52%
F Francia
51%
V Vietnam
50%
H Hungría
42%
P Pakistán
39%
L Liberia
35%
I Israel
31%
No se encontraron pruebas coincidentes
Distribución de puntuación
Porcentaje de gente con cada puntuación
Porcentaje por número respondido
Historial de tus puntuaciones
No has intentado esta prueba.